000 00251nam a2200097Ia 4500
005 20251222114415.0
008 251222s1900||||xx |||||||||||||| ||spa||
082 _aDVD0120/M87/1980/T.1
245 0 _aUn ballo in maschera:Un baile de máscaras
942 _cDVD
999 _c2196
_d2196